Didáctica de la comunicación verbal
Furkejuvvon:
| Váldodahkki: | |
|---|---|
| Materiálatiipa: | Girji |
| Giella: | espánnjágiella |
| Almmustuhtton: |
Madrid
Narcea
1984
|
| Ráidu: | Educación hoy
|
| Fáttát: | |
| Fáddágilkorat: |
Lasit fáddágilkoriid
Eai fáddágilkorat, Lasit vuosttaš fáddágilkora!
|
MARC
| LEADER | 00000nam a2200000 a 4500 | ||
|---|---|---|---|
| 001 | UCY8937 | ||
| 003 | CL-VaPUC | ||
| 008 | 950707e19840000SP |||||||||||||||||spa|d | ||
| 082 | 0 | 4 | |a 302.224 |b ROS |2 21 |
| 100 | 0 | |a Rosales, Carlos |e author |9 340780 | |
| 245 | 1 | 0 | |a Didáctica de la comunicación verbal |
| 300 | |a 249 p | ||
| 942 | |c BK | ||
| 945 | |d 19950707 00:00:00 |a cmena | ||
| 260 | |a Madrid |b Narcea |c 1984 | ||
| 650 | 0 | |a Niños |9 255605 | |
| 650 | 7 | |a COMUNICACION TRANSFERENCIA DE IDEAS |2 CL-VaPUC |9 340781 | |
| 650 | 7 | |a HABLA |2 CL-VaPUC |9 311668 | |
| 650 | 0 | |a Métodos de enseñanza |9 270413 | |
| 650 | 0 | |a Enseñanza de la lectura |9 308364 | |
| 650 | 0 | |a Enseñanza de la escritura |9 307377 | |
| 650 | 0 | |a Educación lingüística |9 306506 | |
| 583 | |a last modification |c 19950707 00:00:00 |k Rodrigo Vera | ||
| 490 | 0 | |a Educación hoy | |
| 999 | |c 236115 |d 236113 | ||
| 952 | |0 0 |1 0 |4 0 |6 302_224000000000000_ROS_1984 |7 0 |8 A |9 243972 |a BIBEDU |b BIBEDU |d 2019-11-18 |i 1529013 |o 302.224 ROS 1984 |p 1529013 |r 2019-11-18 |w 2019-11-18 |y BK |k EDU | ||